Unit operations of chemical engineering (Record no. 3799)

000 -LEADER
fixed length control field 00652nam a2200241 a 4500
001 - CONTROL NUMBER
control field 3799
003 - CONTROL NUMBER IDENTIFIER
control field BD-DhUET
008 - FIXED-LENGTH DATA ELEMENTS--GENERAL INFORMATION
fixed length control field 850523s1985 nyua b 001 0 eng
020 ## - INTERNATIONAL STANDARD BOOK NUMBER
International Standard Book Number 0070448280
040 ## - CATALOGING SOURCE
Modifying agency BD-DhUET
Transcribing agency 0
082 0# - DEWEY DECIMAL CLASSIFICATION NUMBER
Classification number 660.2842
Item number MCC/1985
100 1# - MAIN ENTRY--PERSONAL NAME
Personal name McCabe, Warren L.
245 10 - TITLE STATEMENT
Title Unit operations of chemical engineering
250 ## - EDITION STATEMENT
Edition statement 4th ed.
260 ## - PUBLICATION, DISTRIBUTION, ETC. (IMPRINT)
Place of publication, distribution, etc. New York
Name of publisher, distributor, etc. McGraw-Hill
Date of publication, distribution, etc. 1985
300 ## - PHYSICAL DESCRIPTION
Extent x, 960 p.
Other physical details ill.
Dimensions 25 cm.
490 1# - SERIES STATEMENT
Series statement McGraw-Hill chemical engineering series
504 ## - BIBLIOGRAPHY, ETC. NOTE
Bibliography, etc Includes bibliographies
650 #0 - SUBJECT ADDED ENTRY--TOPICAL TERM
Topical term or geographic name as entry element Chemical Processer
700 1# - ADDED ENTRY--PERSONAL NAME
Personal name Smith, Julian C.
700 1# - ADDED ENTRY--PERSONAL NAME
Personal name Harriott, Peter.
942 ## - ADDED ENTRY ELEMENTS (KOHA)
Koha item type General Book
Holdings
Source of classification or shelving scheme Withdrawn status Koha date last borrowed Sublocation or collection (holding branch) Shelving location Location (home branch) Damaged status Piece designation (barcode) Lost status Date acquired Not for loan Koha item type Copy number Koha issues (times borrowed) Koha normalized classification for sorting Koha date last seen Koha full call number Price effective from
   Central Library, BUETCirculation sectionCentral Library, BUET 72739 2014-11-05 General Book1 660_000000000000000_2842MCC1982016-10-23660.2842/MCC/19852014-11-05
   Central Library, BUETCirculation sectionCentral Library, BUET 77549 2014-11-05 General Book2 660_000000000000000_2842MCC1982014-11-05660.2842/MCC/19852014-11-05
  2018-11-14Central Library, BUETCirculation sectionCentral Library, BUET 77550 2014-11-05 General Book32660_000000000000000_2842MCC1982018-12-04660.2842/MCC/19852014-11-05
   Central Library, BUETReading sectionCentral Library, BUET 68731 2015-07-01 Reading Item4 660_284200000000000_MCC_19852015-07-01660.2842/MCC/19852015-07-01
   Central Library, BUETRental sectionCentral Library, BUET 73910 1989-06-27 Rental Item৪/ক-১ 660_284200000000000_MCC_19852024-11-25660.2842 MCC/19852024-11-25
   Central Library, BUETRental sectionCentral Library, BUET 73911 1989-06-27 Rental Item৪/ক-২ 660_284200000000000_MCC_19852024-11-25660.2842 MCC/19852024-11-25
   Central Library, BUETRental sectionCentral Library, BUET 73912 1989-06-27 Rental Item৪/ক-৩ 660_284200000000000_MCC_19852024-11-25660.2842 MCC/19852024-11-25
   Central Library, BUETRental sectionCentral Library, BUET 73913 1989-06-27 Rental Item৪/ক-৪ 660_284200000000000_MCC_19852024-11-25660.2842 MCC/19852024-11-25
   Central Library, BUETRental sectionCentral Library, BUET 73914 1989-06-27 Rental Item৪/ক-৫ 660_284200000000000_MCC_19852024-11-25660.2842 MCC/19852024-11-25
   Central Library, BUETRental sectionCentral Library, BUET 73915 1989-06-27 Rental Item৪/ক-৬ 660_284200000000000_MCC_19852024-11-25660.2842 MCC/19852024-11-25
   Central Library, BUETRental sectionCentral Library, BUET 73916 1989-06-27 Rental Item৪/ক-৭ 660_284200000000000_MCC_19852024-11-25660.2842 MCC/19852024-11-25
   Central Library, BUETRental sectionCentral Library, BUET 73917 1989-06-27 Rental Item৪/ক-৮ 660_284200000000000_MCC_19852024-11-25660.2842 MCC/19852024-11-25
   Central Library, BUETRental sectionCentral Library, BUET 73918 1989-06-27 Rental Item৪/ক-৯ 660_284200000000000_MCC_19852024-11-25660.2842 MCC/19852024-11-25
   Central Library, BUETRental sectionCentral Library, BUET 73919 1989-06-27 Rental Item৪/ক-১০ 660_284200000000000_MCC_19852024-11-25660.2842 MCC/19852024-11-25
   Central Library, BUETRental sectionCentral Library, BUET 73934 1989-06-27 Rental Item৪/ক-২৫ 660_284200000000000_MCC_19852024-11-25660.2842 MCC/19852024-11-25
   Central Library, BUETRental sectionCentral Library, BUET 73935 1989-06-27 Rental Item৪/ক-২৬ 660_284200000000000_MCC_19852024-11-25660.2842 MCC/19852024-11-25